000 00606nam a22002177a 4500
003 IBSLLIB
005 20260513061636.0
008 260513b |||||||| |||| 00| 0 eng d
020 _a1559721359
040 _aIBSLLIB
_beng
041 _hEng
082 _a823
_bBAI
100 _aBailey , Fenton
245 _aFall From Grace :
_bThe Untold Story Of Michael Milken
260 _aSecaucus :
_bCarol Publishing Group ,
_c1991
300 _a330 p ;
_c24 cm
653 _aLiterature
653 _aEnglish and old English literature
700 _aDErshowitz , Alan
_eIntroduction
942 _cLBK
999 _c22120
_d22120